| 000 | 00595nam a22002057a 4500 | ||
|---|---|---|---|
| 003 | OSt | ||
| 005 | 20161014130157.0 | ||
| 008 | 150518b xxu||||| |||| 00| 0 eng d | ||
| 020 | _a9781416000167 | ||
| 040 | _cLDC | ||
| 082 | _aWW 100 A13a 2008 | ||
| 100 |
_aAlbert, Miller; Azar, Blodi _911200 |
||
| 245 |
_aAlbert Jakobiec's Principles and practice of Ophthalmology _bVol.2 |
||
| 250 | _a3rd ed. | ||
| 260 |
_aCanada: _bSaunders ELSEVIER; _c2008. |
||
| 300 |
_axlv, 2874 P _bcol.ill; _c29 cm. |
||
| 504 | _aIncludes references and index | ||
| 650 |
_aOphthalmology _94663 |
||
| 942 |
_2z _cSLOAN |
||
| 999 |
_c1773 _d1773 |
||